Statistics for List of Lego Themes

Click here to take the quiz!

General Stats

  • This quiz has been taken 260 times
  • The average score is 7 of 24

Answer Stats

YearsAnswer% Correct
1999-PresentStar Wars
87%
1978-PresentTown (City)
87%
2011-PresentNinjago
67%
2012-PresentSuper Heroes
63%
2001-2007; 2010-2011Harry Potter
53%
1978-2001; 2007-PresentSpace
48%
1978-2000; 2002-PresentCastle
47%
1989-1997; 2001-2002; 2004; 2009-2010; 2014-PresentPirates
42%
2001-2010Bionicle
39%
1977-PresentTechnic
39%
1981-PresentDuplo
33%
2012-PresentLord of the Rings
27%
1966-1999; 2014-PresentClassic
16%
2001-PresentRacers
12%
1979-1989Fabuland
10%
1998-2003Adventurers
7%
2006-2009; 2011-PresentSpongebob Squarepants
6%
1966-PresentTrains
6%
1995-1999Aquazone
5%
2000-2007Sports
5%
2001-2005Alpha Team
3%
1973-1996Boats
3%
1971-1982Homemaker
2%
2003-PresentMake & Create
0%

Score Distribution

Percentile by Number Answered

Percent of People with Each Score

Your Score History

You have not taken this quiz